| 000 | 00524cam a2200181ua 4500 | ||
|---|---|---|---|
| 020 | _c975.00 | ||
| 041 |
_aeng _h |
||
| 082 |
_a658.15242 _bSFE/LA |
||
| 100 | _aSfeir-younin, Alfredo . | ||
| 245 |
_aLand and soil management technology, economics and institutions / _cAlfredo Sfeir-younin. _hTextual Documents |
||
| 260 |
_aNew Delhi : _bOxford & IBH Publishing company , _c1993. |
||
| 300 | _a307 ; . | ||
| 365 | _a975.00 | ||
| 504 | _a | ||
| 700 | 1 | _aDragun, Andrew.K . | |
| 942 | _cBK | ||
| 999 |
_c1646 _d1646 |
||